000 00599nam a2200169Ia 4500
003 GCL
008 140319s9999 xx 000 0 ara d
040 _aGCL /
_cGCL
082 0 4 _a423.1
_bد ت
100 1 _aدار الراتب الجامعية
245 1 0 _aتويننز: قاموس مزدوج: عربى, انجليزى - عربى /
_cدار الراتب الجامعية
300 _aمتعدد
490 _aالهيئة العامة للاستعلامات
_v0
650 0 4 _aاللغة الانجليزية - معاجم
650 0 4 _aاللغة العربية - معاجم
942 _2ddc
_cBK
999 _c51845
_d51845